000 00608nam a2200181 i 4500
001 137625
003 ES-MaACL
005 20250811063145.0
007 t|
008 070214s1920 po r ||||1| por d
100 1 _aSousa, J. Salazar de,
_d1871-1940
_9101823
245 1 0 _aDoenças das creanças
_b: (liçoes de pediatria) /
_cJ. Salazar de Sousa.
260 _aLisboa :
_b[s. n.],
_c1920 (
_fTip. do Comercio)
300 _a184 p. :
_bil. ;
_c22 cm.
650 0 4 _aNiños-
_xEnfermedades.
_915546
852 _aES-MaACL
_j1803-F-16
_z.- Donat. de Pedro González-Blanco
999 _c137625
_d137625